Central Library OPAC University of Rajshahi

The history of England : (Record no. 55039)

MARC details
000 -LEADER
fixed length control field 01072nam a2200313 a 4500
001 - CONTROL NUMBER
control field 55039
003 - CONTROL NUMBER IDENTIFIER
rucl marc code BD-RJUL
005 - DATE AND TIME OF LATEST TRANSACTION
control field 20211209080215.0
008 - FIXED-LENGTH DATA ELEMENTS--GENERAL INFORMATION
fixed length control field 161113r19691905nyub b 001 0 eng
035 ## - SYSTEM CONTROL NUMBER
System control number BD-RJUL 55161
System control number (OCoLC)00034271
System control number GLIS00450698
040 ## - CATALOGING SOURCE
Original cataloging agency DLC
Transcribing agency DLC
Modifying agency m.c.
-- m/c
Language of cataloging eng
041 ## - LANGUAGE CODE
Language code of text/sound track or separate title eng
082 ## - DEWEY DECIMAL CLASSIFICATION NUMBER
Edition number 23
Classification number 942.02
Author mark and year ADH 1969
090 ## - LOCALLY ASSIGNED LC-TYPE CALL NUMBER (OCLC); LOCAL CALL NUMBER (OCLC)
Classification number (OCLC) (R) ; Classification number, CALL (RLIN) (NR) DA30
Local cutter number (OCLC) ; Book number/undivided call number, CALL (RLIN) .P769 v.2 1969
099 ## - LOCAL FREE-TEXT CALL NUMBER (OCLC)
Bangla Class number DA30.P769 v.2 1969
100 1# - MAIN ENTRY--PERSONAL NAME
Personal name Adams, George Burton,
Dates associated with a name 1851-1925.
9 (RLIN) 139853
245 14 - TITLE STATEMENT
Title The history of England :
Statement of responsibility, etc. from the Norman Conquest to the death of John, 1066-1216 /
Remainder of title George Burton Adams
260 ## - PUBLICATION, DISTRIBUTION, ETC. (IMPRINT)
Place of publication, distribution, etc. New York :
Name of publisher, distributor, etc. AMS Press,
Date of publication, distribution, etc. 1969.
300 ## - PHYSICAL DESCRIPTION
Pagination x, 473 p. :
Illustrations ill. ;
Size 23 cm.
490 1# - SERIES STATEMENT
Series statement Political history of England ;
Volume/sequential designation v. 2
504 ## - BIBLIOGRAPHY, ETC. NOTE
Bibliography, etc Bibliographical references included in "On authorities" (p. 448-458)
651 #0 - SUBJECT ADDED ENTRY--GEOGRAPHIC NAME
Geographic name Great Britain
General subdivision History
Chronological subdivision Medieval period, 1066-1485.
9 (RLIN) 164080
830 #0 - SERIES ADDED ENTRY--UNIFORM TITLE
Uniform title Political history of England ;
Volume number/sequential designation v. 2.
942 ## - ADDED ENTRY ELEMENTS (KOHA)
Source of classification or shelving scheme Dewey Decimal Classification
Koha item type Books
949 ## - LOCAL PROCESSING INFORMATION (OCLC)
a MYGH
Holdings
Lost status Source of classification or shelving scheme Damaged status Not for loan Collection code Permanent Location Current Location Shelving location Date acquired Source of acquisition Total Checkouts Full call number Date last seen Copy number Koha item type
  Dewey Decimal Classification     Non-fiction Central Library, University of Rajshahi Central Library, University of Rajshahi   14/09/1970 Zeetlinger   942.02 ADH 1969 13/11/2016 C-2 Books
  Dewey Decimal Classification   Not For Loan Non-fiction Central Library, University of Rajshahi Central Library, University of Rajshahi Reading Room 17/01/1970 Sweets ana Zait.   942.02 ADH 1969 06/02/2017 C-1 Books